Score 0/11 Timer 01:00
2 Plays Today
Clue 4-Letter Word % Correct
12:00NOON
98.4%
Who's Keith?MOON
95.7%
Part of speechNOUN
90.1%
A group of cattleHERD
89.1%
A person's state of mind or dispositionMOOD
86.5%
Relative of a geek or dweebNERD
86.3%
Part of speechVERB
83.2%
Savory plantHERB
82.4%
Carter's predecessorFORD
78.3%
Opposite of sud in StrasbourgNORD
70.4%
Victuals or alimentFOOD
68.8%

Today's Daily Dose

Remove Ads.
Support Sporcle.
Get the best of Sporcle when you Go Orange. This ad-free experience offers more features, more stats, and more fun while also helping to support Sporcle. Thank you for becoming a member.

You're not logged in!

Compare scores with friends on all Sporcle quizzes.
OR
Log In

Show Comments

Extras

Top Quizzes Today


Score Distribution

Your Account Isn't Verified!

In order to create a playlist on Sporcle, you need to verify the email address you used during registration. Go to your Sporcle Settings to finish the process.

Report this User

Report this user for behavior that violates our Community Guidelines.

Details: